00965nam a22002657a 45000010005000000030006000050050017000110080041000280400029000690500008000980820012001061000017001182450079001352500035002142600038002493000042002874900030003295050008003595200185003675210028005525210019005806500035005996500031006347000034006652892FISKH20240122145555.0240122b cb ||||| |||| 00| 0 eng d aFISKHbengcFISKHdFISKH aPZ7 a823.914 aDale, Jenny  aFergus the friendly puppy /cby Jenny Dale ; illustrated by Susan Hellard  aThis edition published in 2015 aLondon : bMacmillan Books,c2000 a60 pages : billustrations ; c20 cm  aJenny Dale's Puppy Tales  aN  aThe twelfth title in this popular series for younger readers. Each book focuses on a different puppy. This particular volume deals with the adventures of Fergus the friendly puppy.8 a570 bLexile estimate 8 aN bRaz-Plus  aAnimals vJuvenile literature  aDog vJuvenile literature  aHellard, Susan eillustrator